Die bekanntesten Automarken weltweit - Statistiken

Allgemein
  • Dieses Quiz wurde 1.194 mal gespielt
  • Das Durchschnittsergebnis liegt bei 15 aus 16
Antwortstatistiken
Bildquiz Antwort % Korrekt
Volkswagen
100%
Audi
99%
Mercedes
99%
BMW
98%
Ferrari
97%
Porsche
96%
Tesla
96%
Jaguar
95%
Skoda
94%
Toyota
92%
Bentley
89%
Hyundai
87%
Lamborghini
87%
Mazda
85%
Peugeot
82%
Lexus
78%
Keine übereinstimmenden Quizze gefunden
Verteilung der Resultate
Anzahl Personen mit jedem Resultat
Perzentil nach korrekt beantworteten Fragen
Ihre Resultats-Entwicklung
Sie haben dieses Quiz noch nicht gespielt